Say "no" to the absurd : (Registro nro. 55436)
[ vista simple ]
| 000 -LÍDER | |
|---|---|
| Campo fijo de descripción fija | 01378aab a2200241 i 4500 |
| 001 - NÚMERO DE CONTROL | |
| Campo de control | 768714001 |
| 003 - IDENTIFICADOR DEL NÚMERO DE CONTROL | |
| Campo de control | CO-MdFUSB |
| 005 - FECHA Y HORA DE LA ULTIMA TRANSACCIÓN | |
| control field | 20240708081427.0 |
| 008 - ELEMENTOS DE LONGITUD FIJA -- INFORMACIÓN GENERAL | |
| Campo fijo de descripción fija -- Información general | 240708t1996 sz ||||| |||| 00| 0 eng d |
| 040 ## - FUENTE DE CATALOGACIÓN | |
| Idioma de catalogación | spa |
| Agencia que realiza la transcripción | CO-MdFUSB |
| 041 ## - CÓDIGO DE IDIOMA | |
| Código de idioma para texto/pista de sonido o título separado | eng |
| 100 1# - ASIENTO PRINCIPAL--NOMBRE PERSONAL | |
| Nombre personal | Gruson, Claude (1910- ) |
| Término relacionador | autor |
| 245 10 - TÍTULO | |
| Título | Say "no" to the absurd : |
| Subtitulo | the theses of Villemétrie |
| Mención de responsabilidad | / Claude Gruson, Claude |
| 520 ## - NOTA DE RESUMEN, ETC. | |
| Nota de sumario, etc. | Hoy, la humanidad está gobernada por un sistema incontrolado. Libera la propagación de violencia intolerable y de injusticia social en todas las esferas de actividad (economía, administración, política); al mismo tiempo, pone en grave tensión el equilibrio ecológico del planeta. Pero es importante comprender y pronto, cómo se puede organizar el mundo para abordar de manera efectiva algunos aspectos importantes, además, reducir tanto como sea posible la injusticia y el sufrimiento intolerable, y tal vez eventualmente eliminarlos por completo; y evitar el riesgo de autodestrucción. |
| 546 ## - NOTA DE IDIOMA | |
| Nota de idioma | Texto en inglés. |
| 650 #0 - ASIENTO SECUNDARIO DE MATERIA - TERMINO TEMÁTICO | |
| Término temático o nombre geográfico como elemento de entrada | Iglesia y problemas mundiales |
| 9 (RLIN) | 912 |
| 650 #7 - ASIENTO SECUNDARIO DE MATERIA - TERMINO TEMÁTICO | |
| Término temático o nombre geográfico como elemento de entrada | Fe |
| 9 (RLIN) | 531 |
| 650 #0 - ASIENTO SECUNDARIO DE MATERIA - TERMINO TEMÁTICO | |
| Término temático o nombre geográfico como elemento de entrada | Justicia social |
| 9 (RLIN) | 1851 |
| 650 #0 - ASIENTO SECUNDARIO DE MATERIA - TERMINO TEMÁTICO | |
| Término temático o nombre geográfico como elemento de entrada | Teología de la prosperidad |
| 9 (RLIN) | 1860 |
| 773 0# - ASIENTO DE ITEM FUENTE | |
| Título | Reformed World |
| Biblionumber | 49396 |
| Itemnumber | 59534 |
| Parte(s) relacionada(s) / Volumen., número. (mes año), páginas | Volumen 46, (número 3, 1996) páginas: 117 - 128 |
| Enumeración y primera página | página: 117 |
| 942 ## - TIPO DE MATERIAL (KOHA) | |
| Tipo de Item KOHA | Artículos de Revista |
| 945 ## - INFORMACIÓN LOCAL DEL REGISTRO | |
| Catalogador | Catherine Arias Álvarez - Practicante SENA |
No hay ítems disponibles.
